| 000 | 00378pab a2200157 454500 | ||
|---|---|---|---|
| 008 | 180718b1975 xxu||||| |||| 00| 0 eng d | ||
| 100 | _aMehta, Om | ||
| 245 | _aTribal development - The new strategy | ||
| 260 | _c1975 | ||
| 300 | _ap.617-627. | ||
| 362 | _aOct-Dec | ||
| 650 | _aTribes | ||
| 773 | _aIndian Journal of Public Administration | ||
| 908 | _aN | ||
| 909 | _a88127 | ||
| 999 |
_c88127 _d88127 |
||